| 000 | 00431nam a2200145 a 4500 | ||
|---|---|---|---|
| 001 | 2254 | ||
| 003 | CDMR | ||
| 005 | 20131007163214.0 | ||
| 008 | 130130s1970||||||||||||||||||||||||||||d | ||
| 040 |
_aCDMR _bcat _cCDMR |
||
| 100 | 1 |
_aSistach, Manuel _91677 |
|
| 245 | 1 | 3 |
_aLa prensa periódica bergadana, 1812-1969 _cManuel Sistach, Jose Maria de Martin |
| 260 |
_aBerga _cDL 1970 _bEdiciones del Museo Municipal de Berga |
||
| 942 |
_cMON _2udc |
||
| 999 |
_c2254 _d2254 |
||